| 000 | 01032nam a22002417a 4500 | ||
|---|---|---|---|
| 999 |
_c64637 _d64637 |
||
| 005 | 20240530110742.0 | ||
| 008 | 180926s2018 ua af f 000 0 ara d | ||
| 017 |
_a2017/20186 _bمصر. دار الكتب |
||
| 020 | _a9789777357449 | ||
| 040 |
_aEG-CaGPL _cEG-CaGPL |
||
| 082 | 0 | 4 |
_221 _a746.92 / _bأ م |
| 100 | 0 | _aامل مجدى عبدالله متولى | |
| 245 | 1 | 0 |
_aالملابس فى الفن الاتروسكى : _bالازياء فى ايطاليا = Clothes in Etruscan Art / _cامل مجدى عبدالله متولى |
| 246 | 1 | 1 | _a Clothes in Etruscan Art |
| 260 |
_aالاسكندرية : _bدار الوفاء لدنيا الطباعة و النشر ، _c2018. |
||
| 300 |
_a259 ص. : _bايض. ؛ _c24 سم. |
||
| 650 | 0 | 7 |
_2qrmak _aالملابس _xالفن الاتروبسكى |
| 650 | 0 | 7 |
_2qrmak _a العادات والتقاليد _zايطاليا |
| 650 | 0 | 7 |
_2qrmak _aالملابس _xتاريخ _zايطاليا |
| 651 | _2qrmak | ||
| 942 |
_2ddc _cBK |
||